000 00707nam a2200289Ia 4500
005 20260324145404.0
008 008 260324s9999 xx 000 0 eng d
020 _a9781315825694
037 _aEBOOK
040 _aCRL
040 _beng
040 _cCRL
041 _2eng
041 _aeng
084 _qCRL
100 _aM. J. Colligan; J. W. Pennebaker; L. R. Murphy
_91222783
245 0 _aMass Psychogenic Illness
245 2 _bA Social Psychological Analysis
260 _bTaylor and Francis
260 _c1982
365 _a
365 _b220
856 _uhttp://www.taylorfrancis.com/books/9781315825694
942 _cEBOOK
999 _c1830633
_d1830633